• 首页
  • 本馆介绍
  • 公告通知
  • 最新文献
  • 馆藏检索
  • 电子资源
  • 读者导购
  • 参考咨询
  • 我的图书馆
  • 登录
  • 详细信息显示
  • 放入我的书架
  • 预约/预借图书
  • 作者相关作品
  • 分类相关作品
  • 丛书相关作品
  • 出版社相关作品

书目信息

  • 表格格式
  • 工作单格式
  • 卡片格式
题名:
大遗址保护与区域经济发展
    
 
作者: 朱海霞 , 权东计 著
分册:  
出版信息: 北京   科学出版社  2015.01
页数: 267页
开本: 26cm
丛书名:
单 册:
中图分类: K878.04
科图分类:
主题词: 文化遗址--文物保护--研究--中国 , 城市土地--土地保护--研究--中国 , 区域经济发展--研究--中国
电子资源:
ISBN: 978-7-03-043660-3
000 01162nam0 2200265 450
001 4651
005 20181012150207.46
010    @a978-7-03-043660-3@dCNY120.00
100    @a20151101d2015 em y0chiy50 ea
101 0  @achi
102    @aCN@b110000
105    @aab z 000yy
200 1  @a大遗址保护与区域经济发展@9da yi zhi bao hu yu qu yu jing ji fa zhan@e以大明宫为例@f朱海霞,权东计等著
210    @a北京@c科学出版社@d2015.01
215    @a267页@c图,地图@d26cm
300    @a国家自然科学基金项目资助 大明宫研究院重点研究课题资助 2015年度西北大学“繁荣发展计划”学术著作出版资助
330    @a本书内容包括大遗址保护与区域经济发展的基础理论思考、大明宫遗址区保护改造工作及其对区域经济发展直接影响的回顾与分析、大明宫国家考古遗址公园总体规划实施后的阶段性评价与启示、大明宫遗址文化产业集群优化发展分析、大明官遗址保护与规划功能区经济发展的专题探索等七部分。
606 0  @a文化遗址@x文物保护@x研究@y中国
606 0  @a城市土地@x土地保护@x研究@y中国
606 0  @a区域经济发展@x研究@y中国
690    @aK878.04@v5
701  0 @a朱海霞@9zhu hai xia@4著
701  0 @a权东计@9quan dong ji@4著
801  0 @aCN@b91MARC@c20151101
905    @aMuseLib@dK878.04@e411
    
    大遗址保护与区域经济发展:以大明宫为例/朱海霞,权东计等著.-北京:科学出版社,2015.01
    267页:图,地图;26cm
    国家自然科学基金项目资助 大明宫研究院重点研究课题资助 2015年度西北大学“繁荣发展计划”学术著作出版资助
    
    ISBN 978-7-03-043660-3:CNY120.00
    本书内容包括大遗址保护与区域经济发展的基础理论思考、大明宫遗址区保护改造工作及其对区域经济发展直接影响的回顾与分析、大明宫国家考古遗址公园总体规划实施后的阶段性评价与启示、大明宫遗址文化产业集群优化发展分析、大明官遗址保护与规划功能区经济发展的专题探索等七部分。
●
相关链接 在E读中查询图书 在五车中查询图书 在当当中查询图书 在豆瓣中查询图书


正题名:大遗址保护与区域经济发展     索取号:K878.04/411         预约/预借

序号 登录号 条形码 馆藏地/架位号 状态 备注
1 1126121   211261212   第二样本阅览室/ [索取号:K878.04/411] 在馆    
2 1126122   211261221   第二借阅区/ [索取号:K878.04/411] 在馆    
3 1126123   211261230   第二借阅区/ [索取号:K878.04/411] 在馆    
唐山师范学院图书馆 欢迎您!
大连网信软件有限公司© 版权所有